State Border Chain Minefield Quiz Stats

 Plays Quiz Updated May 20, 2016

Challenge
Share
Tweet
Embed
Score 0/20 Timer 05:00
14 Plays Today
% Correct
???
100%
???
93.7%
???
75.5%
???
56.3%
???
50.2%
???
42.2%
???
39.1%
???
38.6%
???
35.6%
???
34.8%
% Correct
???
33.5%
???
26.3%
???
24.7%
???
24.1%
???
23.9%
???
22.9%
???
21.2%
???
20.1%
???
20%
???
20%

You're not logged in!

Compare scores with friends on all Sporcle quizzes.
OR
Log In

You Might Also Like...

Show Comments

Extras

Top Quizzes Today


Score Distribution

Your Account Isn't Verified!

In order to create a playlist on Sporcle, you need to verify the email address you used during registration. Go to your Sporcle Settings to finish the process.

Report this User

Report this user for behavior that violates our Community Guidelines.

Details: